000 00627nam a2200193Ia 4500
003 IN-BaIIA
008 211028s9999 xx 000 0 eng d
040 _cIIA Library
080 _a02.621
_bFOS
110 _aUnited Kingdom. Foseco International
_95648
245 4 _aThe foseco foundryman's handbook facts figures and formulae
_cFoseco International Limited
250 _a7th ed
260 _aOxford
_bPergamon Press
_c1964
300 _a387p.
650 _aAstronomy and Astrophysics Thesaurus
650 _aFoundryman Handbook
_95649
650 _aHandbooks-Foundryman
_95650
942 _cBK
999 _c3178
_d3178